Biología

Salvato in:
Dettagli Bibliografici
Autore principale: Curtis, Helena
Altri autori: Barnes, N. Sue
Natura: Libro
Lingua:spagnolo
Pubblicazione: Buenos Aires, Argentina Médica Panamericana 2000
Edizione:Sexta edición
Soggetti:
Tags: Aggiungi Tag
Nessun Tag, puoi essere il primo ad aggiungerne!!

MARC

LEADER 00000nam a2200000 a 4500
001 UCM2385
003 CL-VaPUC
005 20250226161923.0
008 020510e20000000AG |||||||||||||||||spa|d
999 |c 312150  |d 312148 
020 |a 950060623X 
040 |c Pontificia Universidad Católica de Valparaíso 
082 0 4 |a 570 CUR 2000  |2 21 
100 0 |a Curtis, Helena  |9 490634 
245 1 0 |a Biología 
250 |a Sexta edición 
260 0 3 |a Buenos Aires, Argentina  |b Médica Panamericana  |c 2000 
300 |a 1496 páginas 
500 |a EJEMPLAR EN PODER DE DOCENTE PATRICIA NAVARRETE CARVALLO, POR PROYECTO DE MEJORAMIENTO DE LA CALIDAD DE LA DOCENCIA 
505 |a Incluye Cd-Rom 
583 |a last modification  |c 20020510 00:00:00  |k Rodrigo Vera 
650 0 |a Biología  |9 262022 
650 0 |a Botánica  |9 264202 
650 0 |a Ecología   |9 258124 
650 0 |a Átomos  |9 259583 
650 0 |a Moléculas   |9 259584 
650 0 |a Agua  |9 257149 
650 0 |a Células   |9 269548 
650 0 |a Energía   |9 259431 
650 0 |a Seres vivos  |9 357459 
650 7 |a GLUCOLISIS  |2 CL-VaPUC  |9 370915 
650 0 |a Respiración   |9 343794 
650 0 |a Fotosíntesis  |9 261610 
650 0 |a Genética  |9 259443 
650 0 |a Meiosis  |9 360356 
650 7 |a REPRODUCCION SEXUAL  |2 CL-VaPUC  |9 403003 
650 0 |a Genética molecular  |9 269770 
650 0 |a Evolución humana   |9 266935 
650 7 |a SISTEMA ENDOCRINO  |2 CL-VaPUC  |9 329871 
650 0 |a Sistema nervioso  |9 266815 
650 0 |a Cerebro   |9 307262 
650 0 |a Plantas  |9 264555 
700 0 |a Barnes, N. Sue  |9 490635 
942 |c BK  |2 ddc 
945 |d 20020510 00:00:00  |a vberengu 
952 |0 0  |1 0  |2 ddc  |4 0  |6 570_000000000000000_CUR_2000  |7 0  |8 A  |9 382039  |a BIBALI  |b BIBALI  |c RES  |d 2019-11-21  |i 4142039  |o 570 CUR 2000  |p 4142039  |r 2025-01-20  |t 2  |w 2019-11-21  |y BK_R  |k ALI 
952 |0 0  |1 0  |2 ddc  |4 0  |6 570_000000000000000_CUR_2000  |7 0  |8 A  |9 382041  |a BIBALI  |b BIBALI  |c RES  |d 2019-11-21  |i 4141601  |o 570 CUR 2000  |p 4141601  |r 2025-01-20  |t 4  |w 2019-11-21  |y BK_R  |k ALI 
952 |0 0  |1 0  |2 ddc  |4 0  |6 570_000000000000000_CUR_2000  |7 0  |8 A  |9 382042  |a BIBCUR  |b BIBCUR  |d 2019-11-21  |i 381369K  |l 1  |o 570 CUR 2000  |p 381369K  |r 2025-04-22  |s 2024-10-03  |t 1  |w 2019-11-21  |y BK  |k BIO